Nutrición oncológica: (Registro nro. 1877)

Detalles MARC
000 -CABECERA
Campo de control interno 00990nam a22002897a 4500
005 - FECHA Y HORA DE LA CATALOGACION
Campo de control 20260407162342.0
008 - ELEMENTOS DE LONGITUD FIJA - INFORMACION
Elementos de Longitud Fija - Informaci 260407t20162021ck ||||| |||| 00| 0 spa d
020 ## - ISBN
ISBN 978-958-771-387-9
040 ## - ORIGEN DE LA CATALOGACION
Origen de la Catalogación Iste
041 ## - CODIGO DE LENGUAJE
Código de lenguaje del texto spa
044 ## - CODIGO ISO DE PAIS
Código ISO de País ck
082 ## - NUMERO DE CLASIFICACION CDU
Clasificacion 612.39:616-006
Cutter R6182
100 ## - AUTOR PERSONAL
Autor Personal Rodríguez Félix, César
Titulos u otras palabras asociadas al nombre Autor
Rol del Autor Autor
9 (RLIN) 9495
245 ## - TÍTULO GENERAL
Título Nutrición oncológica:
Subtítulo guía de alimentación para vivir mejor.
250 ## - EDICION
Edición 1a. ed.
Resto de la edición 1a. reimp.
260 ## - EDITORIAL
Ciudad - País Bogotá - Colombia
Nombre de la Editorial ECOE
Fecha 2021
300 ## - DESCRIPCION
Número de páginas 136 páginas,
Información descriptiva gráficos, ilustraciones, tablas.
650 ## - DESCRIPTORES - TEMAS
Temas - Descriptores NUTRICIÓN ENTERA
9 (RLIN) 9496
650 ## - DESCRIPTORES - TEMAS
Temas - Descriptores NUTRICIÓN PARENTERAL
9 (RLIN) 9497
650 ## - DESCRIPTORES - TEMAS
Temas - Descriptores ALIMENTACIÓN Y DIETA
9 (RLIN) 9498
650 ## - DESCRIPTORES - TEMAS
Temas - Descriptores ALIMENTACIONES PARA PACIENTES CON CÁNCER
9 (RLIN) 9499
650 ## - DESCRIPTORES - TEMAS
Temas - Descriptores ALIMENTACIÓN PARA PACIENTE CON QUIMIOTERAPIA
9 (RLIN) 9500
653 ## - CATEGORIAS
Categorías Secundarias TECNOLOGÍA Y CIENCIAS MÉDICAS
653 ## - CATEGORIAS
Categorías Secundarias MEDICINA
700 ## - COAUTOR PERSONAL
Coautor Personal Mauricio Alza, Saby
Rol del autor Autor
9 (RLIN) 9501
942 ## - ELEMENTOS DE KOHA
Esquema de Clasificacion Clasificación decimal universal
Tipo de Documento Libros
Catalogador Usuario Catalogador
Existencias
Estatus retirado Estado de pérdida Fuente de Clasificacion Estado de daño No para préstamo Carrera Dependencia Dependencia Estado Fecha de Adquisición Vía de adquisición Inventario Total de préstamos CDU Código de barras Visto por última vez Numero de copia o ejemplar Tipo de Item
    Clasificación decimal universal     Rehabilitación Física ISTE BG DRS ISTE BG DRS Disponible 2026-04-07 Donación BLDS03911   612.39:616-006 R6182 BG26040043 2026-04-07 Ej. 1 Libros